书目信息 |
| 题名: |
图说中国文化
|
|
| 作者: | 王仁湘 , 肖潇 编著 | |
| 分册: | 饮食卷 | |
| 出版信息: | 长春 吉林人民出版社 2007 |
|
| 页数: | 208页 | |
| 开本: | 25cm | |
| 丛书名: | ||
| 单 册: | ||
| 中图分类: | K203-49 , TS971-49 | |
| 科图分类: | ||
| 主题词: | 文化史--中国--通俗读物 , 饮食--文化--中国--普及读物 , 文化史 , 饮食 | |
| 电子资源: | ||
| ISBN: | 978-7-206-05384-9 | |
| 000 | 01045nam0 2200301 45 | |
| 001 | 1050824109 | |
| 005 | 20100419100254.78 | |
| 010 | @a978-7-206-05384-9@dCNY39.80 | |
| 100 | @a20100409e20092007em y0chiy0110 ea | |
| 101 | 0 | @achi |
| 102 | @aCN@b220000 | |
| 105 | @aa z 000yy | |
| 106 | @ar | |
| 200 | 1 | @a图说中国文化@ATu Shuo Zhong Guo Wen Hua@dIllustrated Introductions of Chinese Culture@i饮食卷@IYin Shi Juan@f王仁湘,肖潇编著@FWang Ren Xiang, Xiao Xiao Bian Zhu@zeng |
| 210 | @a长春@c吉林人民出版社@d2007@h2009 | |
| 215 | @a208页@d25cm | |
| 330 | @a本书采取图文并茂的方式,在轻松愉悦的浏览中,领略中国饮食文化的悠久传承与精彩神韵。 | |
| 510 | 1 | @aIllustrated Introductions of Chinese Culture@zeng |
| 606 | 0 | @a文化史@y中国@j通俗读物 |
| 606 | 0 | @a饮食@x文化@y中国@j普及读物 |
| 606 | 0 | @a文化史 |
| 606 | 0 | @a饮食 |
| 690 | @aK203-49@v4 | |
| 690 | @aTS971-49@v4 | |
| 701 | 0 | @a王仁湘@AWang Ren Xiang@4编著 |
| 701 | 0 | @a肖潇@AXiao Xiao@4编著 |
| 801 | 0 | @aCN@bTANGWEI@c20100419 |
| 905 | @b0590850-51@dK203-49@e129:7@f2 | |
| 图说中国文化=Illustrated Introductions of Chinese Culture.饮食卷/王仁湘,肖潇编著.-长春:吉林人民出版社,2007(2009) |
| 208页;25cm |
| ISBN 978-7-206-05384-9:CNY39.80 |
| 本书采取图文并茂的方式,在轻松愉悦的浏览中,领略中国饮食文化的悠久传承与精彩神韵。 |
| ● |
| 相关链接 |
|
|
|
|
正题名:图说中国文化
索取号:K203-49/129:7
 
预约/预借
| 序号 | 登录号 | 条形码 | 馆藏地/架位号 | 状态 | 备注 |
| 1 | 0590850 | 205908507 | 第二样本阅览室/ [索取号:K203-49/129:7] | 在馆 | |
| 2 | 0590851 | 205908516 | 第二借阅区/ [索取号:K203-49/129:7] | 在馆 |